000 00505nam a2200193 a 4500
001 11521
003 CO-ViMGA
008 141112s2004 ck r 000 u spa d
040 _aCO-ViMGA
_bspa
_cCO-ViMGA
082 0 4 _a843.91 F51t
100 1 _aFlaubert, Gustave
_913
245 1 0 _aLa tentacion de san Antonio
250 _a1
260 _aBuenos Aires,
_cediciones Corregidor,
_c1996
300 _a222 p.
490 _aColección el ojo parpado
650 1 4 _aNOVELA FRANCESA
_92629
942 _2ddc
_cBK
999 _c22716
_d22716